Pri prameni Cigeľky

Podrobná bibliografia
Hlavný autor: Ďurček, Jozef (Author)
Médium: Článok
Jazyk:Slovak
Témy:
Zdroj: 1. Život 1. Roč. 25, č. 13(1975), s. 52 a 53
LEADER 00720nab#a2200301#ar4500
001 000000655
003 SVKKK
005 00000000000000.0
008 c xo e sloo
FMT
038 |a SVKKK 
040 |a SVKKK  |b slo  |e AACR2 
041 0 |a slo 
044 |a xo  |c SK 
080 |a 553.7.031.1(Cigeľka  |2 1981 
100 1 |a Ďurček, Jozef  |4 aut 
245 1 0 |a Pri prameni Cigeľky  |c Ďurček Jozef, 
300 |b Obr. 4 
650 0 4 |a vody minerálne  |x pramene  |z Cigeľka (BJ)  |x reportáže 
773 0 |t Život  |g Roč. 25, č. 13(1975), s. 52 a 53 
957 |a Cigeľka 
958 |a NA 
958 |a RE 
974 |d 960312  |a Čr 
992 |a RBX 
BAS
852 |a SVKKK  |b BIB 
998 |a GEO